Green Day - Kerplunk - Statistics

General Stats
  • This quiz has been taken 16 times
  • The average score is 14 of 16
Answer Stats
Answer % Correct
2000 Light Years Away
100%
Welcome to Paradise
100%
80
91%
Best Thing In Town
91%
Christie Road
91%
Dominated Love Slave
91%
My Generation
91%
One for the Razorbacks
91%
Android
82%
No One Knows
82%
Private Ale
82%
Strangeland
82%
Sweet Children
82%
Who Wrote Holden Caulfield?
82%
Words I Might Have Ate
82%
One Of My Lies
73%
No matching quizzes found
Score Distribution
Percent of People with Each Score
Percentile by Number Answered
Your Score History
You have not taken this quiz